000 00621nam a2200217Ia 4500
005 20241129110950.0
008 241129s9999||||xx |||||||||||||| ||und||
020 _a978-93-5572-183-9
037 _aTB
040 _aCRL
_beng
_cCRL
041 _aeng
_2eng
084 _aV2.J R2
_qCRL
100 _aHangloo Rattan Lal Au.
245 0 _aEnquries in medieval India: religion society culture and polity
_cHangloo Rattan Lal Au.
260 _aDelhi, India
_bPrimus Books
_c2022
300 _axix,196p.
365 _aINR
_b1125
650 _aIndian History
942 _cTB
_hV2.J R2
999 _c1228311
_d1228311